000 00378cam a2200169ua 4500
020 _cRs. 2.65
041 _amal
_h
082 _a951
_bSRE/IN
100 _aSreedevi, .
245 _aInnathe America
260 _aKottayam :
_bVidyarthi Mithram Book Depo ,
_c1966.
300 _a210 ; .
365 _aRs. 2.65
504 _a
942 _cBK
999 _c630
_d630